Rozdiel medzi vypomáhajúcimi a spolupracujúcimi osobami v povinnom poistení

Charakteristika pojmov spolupracujúca osoba a vypomáhajúca osoba - rozdiely medzi osobami. Platenie poistného spolupracujúcich osôb - nemocenské poistenie a dôchodkové zabezpečenie, zdravotné poistenie, príspevok na poistenie v nezamestnanosti. Určenie vymeriavacieho základu spolupracujúcich osôb. P...

ver descrição completa

Na minha lista:
Detalhes bibliográficos
Autor principal: Jánoš, Daniel
Formato: Capítulo de Livro
Idioma:eslovaco
Assuntos:
Tags: Adicionar Tag
Sem tags, seja o primeiro a adicionar uma tag!

MARC

LEADER 00000naa a2200000 4500
001 r033255
005 20230921102128.7
041 0 |a slo 
044 |a SK 
245 1 0 |a Rozdiel medzi vypomáhajúcimi a spolupracujúcimi osobami v povinnom poistení  |c Daniel Jánoš 
520 |a Charakteristika pojmov spolupracujúca osoba a vypomáhajúca osoba - rozdiely medzi osobami. Platenie poistného spolupracujúcich osôb - nemocenské poistenie a dôchodkové zabezpečenie, zdravotné poistenie, príspevok na poistenie v nezamestnanosti. Určenie vymeriavacieho základu spolupracujúcich osôb. Platenie poistného u vypomáhajúcich osôb. 
610 2 0 |a poistenie 
610 2 0 |a poistenie nemocenské 
610 2 0 |a poistenie zdravotné 
610 2 0 |a poistenie v nezamestnanosti 
610 2 0 |a zabezpečenie dôchodkové 
610 2 0 |a podnikanie 
610 2 0 |a Slovensko 
100 1 |a Jánoš, Daniel